Statistics for Guess The Lyrics #3

Click here to take the quiz!

General Stats

  • This quiz has been taken 1,539 times
  • The average score is 70 of 159

Answer Stats

Answer% Correct
(I
98%
I
98%
a
97%
me?
76%
me
76%
to
75%
And
73%
and
73%
be
73%
do
73%
it
69%
It
69%
can
67%
go
66%
in
65%
your
62%
my
58%
So
58%
so
58%
for
56%
if
53%
If
53%
that
49%
can't
44%
could
44%
know
44%
Time
42%
time
42%
would
42%
should
40%
How
39%
all
37%
One
36%
one
36%
or
35%
Take
30%
more
29%
stay
29%
make
25%
never
25%
place
25%
by
24%
thing
24%
tell
23%
feel
22%
away
20%
always
16%
wouldn't
16%
better
15%
what's
14%
wish
14%
best
13%
believe
12%
change
12%
Once
11%
someone
11%
hold
10%
fall
9%
upon
9%
Another
8%
breath
8%
old
8%
anybody
7%
turn
7%
face
6%
Same
6%
seems
6%
matter?
5%
step
5%
dreams
4%
needed
3%
broken
2%
brought
2%
happened
2%
knees
2%
passing
2%
waits
2%
blame
1%
hollow
1%
hollow)
1%
picture
1%
shame
1%
decisions
0%
page
0%
Reflections
0%

Score Distribution

Percentile by Number Answered

Percent of People with Each Score

Your Score History

You have not taken this quiz